000 00619nam a2200205Ia 4500
003 GCL
008 140319s9999 xx 000 0 ara d
040 _aGCL /
_cGCL
082 0 4 _a953.071
_bا ق
100 1 _aاحمد فكرى
245 1 0 _aقرطبة فى العصر الاسلامى: تاريخ وحضارة /
_cاحمد فكرى
260 _a[S.N] :
_bمؤسسة شباب الجامعة ،
_c1983
300 _a325 ص
490 _a
650 0 4 _aالاندلس
650 0 4 _aالتاريخ الاسلامى
650 0 4 _aالحضارة الاسلامية
650 0 4 _aاسبانيا
942 _2ddc
_cBK
999 _c32084
_d32084